Представление документа в формате RUSMARC

Поле Инд. ПП Название Значение
Тип записи a
Библиографический уровень a
001 Контрольный номер 56203b8628ee49978cda3e2b9d0c82ac
005 Дата корректировки 20190422160040.7
100 a Данные общей обработки 20190409 ||| 0rusy0189 ca
101 0_ a Язык текста rus
102 a Страна публикации RU
200 1_ f Первые сведения об ответственности Л.Н. Масленникова, Т.Е. Сушина
a Заглавие Оптимизация судебного контроля на начальном этапе уголовного судопроизводства в условиях развития цифровых технологий
b Общее обозначение материала Текст
210 1_ d Дата издания 2019
461 _0 1 2000
a Российская юстиция
463 _0 1 2000
a № 3
v С. 41-44
1 2101
d 2019
1 001477c6054098f4913b74339a1e2ebcaa7
606 a Основная рубрика Уголовно-процессуальное право
610 0_ a Ключевые слова ДОСУДЕБНОЕ ПРОИЗВОДСТВО
a Ключевые слова ИНФОРМАЦИОННЫЕ И КОММУНИКАЦИОННЫЕ ТЕХНОЛОГИИ В СУДЕБНОЙ ДЕЯТЕЛЬНОСТИ
a Ключевые слова РИСКИ
a Ключевые слова ГАРАНТИИ ЮРИДИЧЕСКИЕ
a Ключевые слова КОНТРОЛЬ СУДЕБНЫЙ
700 _1 a Фамилия Масленникова
b Имя Л.Н.
701 _1 a Фамилия Сушина
b Имя Т.Е.
801 _0 a Страна RU
b Организация РГУП
c Дата составления 20190409
g Правила каталогизации PSBO
801 _1 a Страна RU
b Организация РГУП
c Дата составления 20190409
g Правила каталогизации PSBO
901 t Тип документа b
w Контрольный № источника 477c6054098f4913b74339a1e2ebcaa7
905 a Дата ввода 20190409